Mental Health in Prisons (Record no. 64039)

MARC details
000 -LEADER
fixed length control field 01738nam a2200313Ii 4500
008 - FIXED-LENGTH DATA ELEMENTS--GENERAL INFORMATION
fixed length control field 221202s xx 000 0 und d
245 #0 - TITLE STATEMENT
Title Mental Health in Prisons
246 ## - VARYING FORM OF TITLE
Title proper/short title Critical Perspectives on Treatment and Confinement
264 ## - PRODUCTION, PUBLICATION, DISTRIBUTION, MANUFACTURE, AND COPYRIGHT NOTICE
Name of producer, publisher, distributor, manufacturer Springer Nature
Date of production, publication, distribution, manufacture, or copyright notice 2018
300 ## - PHYSICAL DESCRIPTION
Extent 1 online resource (385 pages)
336 ## - CONTENT TYPE
Content type term text
Content type code txt
Source rdacontent
337 ## - MEDIA TYPE
Media type term computer
Media type code c
Source rdamedia
338 ## - CARRIER TYPE
Carrier type term online resource
Carrier type code cr
Source rdacarrier
490 ## - SERIES STATEMENT
Series statement Palgrave Studies in Prisons and Penology
520 ## - SUMMARY, ETC.
Summary, etc. This book examines how the prison environment, architecture and culture can affect mental health as well as determine both the type and delivery of mental health services. It also discusses how non-medical practices, such as peer support and prison education programs, offer the possibility of transformative practice and support. By drawing on international contributions, it furthermore demonstrates how mental health in prisons is affected by wider socio-economic and cultural factors, and how in recent years neo-liberalism has abandoned, criminalised and contained large numbers of the world’s most marginalised and vulnerable populations. Overall, this collection challenges the dominant narrative of individualism by focusing instead on the relationship between structural inequalities, suffering, survival and punishment.
653 ## - INDEX TERM--UNCONTROLLED
Uncontrolled term Architecture
653 ## - INDEX TERM--UNCONTROLLED
Uncontrolled term Culture
653 ## - INDEX TERM--UNCONTROLLED
Uncontrolled term Mental Health
653 ## - INDEX TERM--UNCONTROLLED
Uncontrolled term Services
653 ## - INDEX TERM--UNCONTROLLED
Uncontrolled term Prison Environment
700 1# - ADDED ENTRY--PERSONAL NAME
Personal name 0000-0002-4235-0741
700 1# - ADDED ENTRY--PERSONAL NAME
Personal name 0000-0003-4149-0440
700 1# - ADDED ENTRY--PERSONAL NAME
Personal name 600
700 1# - ADDED ENTRY--PERSONAL NAME
Personal name 600
700 1# - ADDED ENTRY--PERSONAL NAME
Personal name Kendall, Kathleen
700 1# - ADDED ENTRY--PERSONAL NAME
Personal name Mills, Alice
856 ## - ELECTRONIC LOCATION AND ACCESS
Uniform Resource Identifier <a href="https://library.oapen.org/handle/20.500.12657/47838">https://library.oapen.org/handle/20.500.12657/47838</a>
942 ## - ADDED ENTRY ELEMENTS (KOHA)
Koha item type E-Book
Holdings
Withdrawn status Damaged status Not for loan Home library Current library Date acquired Total Checkouts Date last seen Price effective from Koha item type
      Directory of Open Access Books Directory of Open Access Books 11/28/2022   11/28/2022 11/28/2022 E-Book

University of Rizal System
Email us at univlibservices@urs.edu.ph

Visit our Website www.urs.edu.ph/library